Una política de ingresos para la Argentina (Registro nro. 6681)

Detalles MARC
000 -LEADER
fixed length control field 01126 a2200193 4500
001 - CONTROL NUMBER
control field 59427
005 - DATE AND TIME OF LATEST TRANSACTION
control field 20260407155848.0
008 - FIXED-LENGTH DATA ELEMENTS--GENERAL INFORMATION
fixed length control field 260407a1969 arg spa d
003 - CONTROL NUMBER IDENTIFIER
control field AR-UNSa-BCEJYS
040 ## - CATALOGING SOURCE
Original cataloging agency AR-UNSa-BCEJYS
Language of cataloging spa
Transcribing agency AR-UNSa-BCEJYS
080 ## - UNIVERSAL DECIMAL CLASSIFICATION NUMBER
Universal Decimal Classification number 338.2(82)
Common auxiliary subdivision Política económica. Control de la economía. Gestión de la economía. Planificación económica en Argentina
100 1# - MAIN ENTRY--PERSONAL NAME
Personal name Alemann, Juan E.
245 10 - TITLE STATEMENT
Title Una política de ingresos para la Argentina
264 #1 - PRODUCTION, PUBLICATION, DISTRIBUTION, MANUFACTURE, AND COPYRIGHT NOTICE
Place of production, publication, distribution, manufacture Buenos Aires :
Name of producer, publisher, distributor, manufacturer Ediciones Macchi
Date of production, publication, distribution, manufacture, or copyright notice 1969
300 ## - PHYSICAL DESCRIPTION
Extent 144 p.
Dimensions 23 cm.
505 ## - FORMATTED CONTENTS NOTE
Formatted contents note 1. La política de ingresos – 2. La estabilización ineludible – 3. La fijación del salario – 4. Precios y ganancias – 5. El tipo de cambio y los precios agropecuarios – 6. La distribución del ingreso en la Argentina – 7. Los problemas de la redistribución de ingresos – 8. El concepto social en la redistribución de ingresos – 9. La renta pura y el progreso económico – 10. El salario real – 11. Criterios de remuneración – 12. Cantidad y calidad en el ingreso -
590 ## - LOCAL NOTE (RLIN)
Local note niveau_biblio:m niveau_hierar:0
942 ## - ADDED ENTRY ELEMENTS (KOHA)
Koha item type
Existencias
Withdrawn status Lost status Damaged status Not for loan Home library Current library Shelving location Date acquired Total checkouts Full call number Barcode Date last seen Price effective from Koha item type
        Biblioteca Prof. Eusebio Cleto del Rey Biblioteca Prof. Eusebio Cleto del Rey   07/04/2026   338.2(82) A367p L24082 07/04/2026 07/04/2026 Libro
        Biblioteca Prof. Eusebio Cleto del Rey Biblioteca Prof. Eusebio Cleto del Rey   07/04/2026   338.2(82) A367p L24083 07/04/2026 07/04/2026 Libro